000 01286cam a2200325 a 4500
001 4018649
003 OSt
005 20211123143923.0
008 971024s1998 azua b s001 0 eng
010 _a 97045290
020 _a0816518718 (pbk. : acidfree paper)
040 _aDLC
_cHU
_dDLC
043 _af-ke---
050 0 0 _aQK402.K4
_bT87 1998
082 0 0 _a581.7/096762
_221
100 1 _aTurner, R. M.
_q(Raymond M.)
_920162
245 1 0 _aKenya's changing landscape /
_cRaymond M. Turner, H. Awala Ochungʾ, and Jeanne B. Turner.
260 _aTucson, Ariz. :
_bUniversity of Arizona Press,
_cc1998.
300 _ax, 177 p. :
_bill. ;
_c28 cm.
504 _aIncludes bibliographical references and index.
650 0 _aVegetation dynamics
_zKenya
_xHistory
_xPictorial works.
_920163
650 0 _aPlant ecology
_zKenya
_xHistory
_xPictorial works.
_920164
650 0 _aVegetation and climate
_zKenya
_xHistory
_xPictorial.
_920165
650 0 _aLandscape changes
_zKenya
_xHistory
_xPictorial works.
_920166
700 1 _aOchungʾ, H.
_920167
700 1 _aTurner, Jeanne B.
_920168
906 _a7
_bcbc
_corignew
_d1
_eocip
_f19
_gy-gencatlg
942 _2ddc
_cBOOKS
_n0
999 _c19791
_d19791